| 000 | 00420nam a22001457a 4500 | ||
|---|---|---|---|
| 008 | 171109b xxu||||| |||| 00| 0 eng d | ||
| 022 | _a1343-1196 | ||
| 082 |
_22005-2008 _aDPer 952.005 _bN62 |
||
| 245 | _aNipponia. | ||
| 260 |
_aTokyo, Japan : _bHeibonsha, _c2005-2008. |
||
| 300 |
_a1(various paging): _bcolor illustrations; _c30 cm. |
||
| 310 | _aQuarterly | ||
| 650 | 0 |
_923140 _aJapan -- Periodicals |
|
| 942 |
_2ddc _cPER |
||
| 999 |
_c7684 _d7684 |
||